Premier League Manager of the Season - Statistics

Statistiche generali
  • Questo quiz è stato fatto 32 volte
    13 dall'ultimo reset
  • Il punteggio medio è 27 su 31
Statistiche sulle risposte
Stagione Nazione Squadra Allenatore % Corretto
1993–94 Scozia Manchester United Alex Ferguson
100%
1995–96 Scozia Manchester United Alex Ferguson
100%
1996–97 Scozia Manchester United Alex Ferguson
100%
1998–99 Scozia Manchester United Alex Ferguson
100%
1999–2000 Scozia Manchester United Alex Ferguson
100%
2002–03 Scozia Manchester United Alex Ferguson
100%
2006–07 Scozia Manchester United Alex Ferguson
100%
2007–08 Scozia Manchester United Alex Ferguson
100%
2008–09 Scozia Manchester United Alex Ferguson
100%
2010–11 Scozia Manchester United Alex Ferguson
100%
2012–13 Scozia Manchester United Alex Ferguson
100%
2016–17 Italia Chelsea Antonio Conte
100%
2015–16 Italia Leicester City Claudio Ranieri
100%
2004–05 Portogallo Chelsea José Mourinho
100%
2005–06 Portogallo Chelsea José Mourinho
100%
2014–15 Portogallo Chelsea José Mourinho
100%
2017–18 Spagna Manchester City Pep Guardiola
100%
2018–19 Spagna Manchester City Pep Guardiola
100%
2020–21 Spagna Manchester City Pep Guardiola
100%
2022–23 Spagna Manchester City Pep Guardiola
100%
2023-24 Spagna Manchester City Pep Guardiola
100%
1997–98 Francia Arsenal Arsène Wenger
92%
2001–02 Francia Arsenal Arsène Wenger
92%
2003–04 Francia Arsenal Arsène Wenger
92%
2019–20 Germania Liverpool Jürgen Klopp
92%
2021–22 Germania Liverpool Jürgen Klopp
92%
2009–10 Inghilterra Tottenham Harry Redknapp
23%
1994–95 Scozia Blackburn Rovers Kenny Dalglish
23%
2013–14 Galles Crystal Palace Tony Pulis
23%
2011–12 Inghilterra Newcastle United Alan Pardew
15%
2000–01 Scozia Ipswich Town George Burley
8%
Nessun quiz corrispondente trovato
Distribuzione punteggi
Percentuale di utenti per punteggio
Percentile per numero di risposta
I tuoi punteggi nel tempo
Non hai fatto questo quiz dall'ultimo reset